| 000 | 00933nam a22003017a 4500 | ||
|---|---|---|---|
| 999 |
_c28106 _d28077 |
||
| 003 | EG-ScBUE | ||
| 005 | 20200216103920.0 | ||
| 008 | 200216s2016 ii f b 001 0 eng d | ||
| 020 | _a9788123928630 | ||
| 040 |
_aEG-ScBUE _beng _erda _cEG-ScBUE _dEG-ScBUE |
||
| 082 | 0 | 4 |
_a660.62 _bBEN _222 |
| 100 | 1 |
_aBenson, K. L., _eauthor. |
|
| 245 | 1 | 0 |
_aIndustrial microbiology / _cKL Benson. |
| 250 | _aFirst edition. | ||
| 264 | 1 |
_aNew Delhi : _bCBS Publishers & Distributors Pvt Ltd, _c2016. |
|
| 300 |
_axxiii,673 pages ; _c24 cm |
||
| 336 |
_2rdacontent _atext _btxt |
||
| 337 |
_2rdamedia _aunmediated _bn |
||
| 338 |
_2rdacarrier _avolume _bnc |
||
| 500 | _aIncludes appendix. | ||
| 504 | _aIncludes bibliographical references and index. | ||
| 650 | 7 |
_aMicrobiology. _2BUEsh |
|
| 650 | 7 |
_aFermentation. _2BUEsh |
|
| 653 |
_bPPhrm _cFebruary2020 |
||
| 655 |
_vReading book _934232 |
||
| 942 |
_2ddc _cBB |
||